Formación de la Unidad de Fiscalización del Programa Nacional de Edificaciones Escolares (Record no. 7973)

MARC details
000 -LEADER
campo de control de longitud fija 00479nam a2200133Ia 4500
001 - NÚMERO DE CONTROL
campo de control 4357
008 - DATOS DE LONGITUD FIJA--INFORMACIÓN GENERAL
campo de control de longitud fija 241024s9999 xx 000 0 und d
082 ## - NÚMERO DE LA CLASIFICACIÓN DECIMAL DEWEY
Número de clasificación RD/690/R426f/2013
100 ## - ENTRADA PRINCIPAL--NOMBRE DE PERSONA
Nombre de persona República Dominicana. Ministerio de Obras Públicas. Programa Nacional de Edificaciones Escolares PNEE
245 #0 - MENCIÓN DEL TÍTULO
Título Formación de la Unidad de Fiscalización del Programa Nacional de Edificaciones Escolares
260 ## - PUBLICACIÓN, DISTRIBUCIÓN, ETC.
Nombre del editor, distribuidor, etc. Santo Domingo
Fecha de publicación, distribución, etc. 2013
901 ## - ELEMENTOS DE DATOS A LOCAL LDA (RLIN)
a 2/9/2016 1:30:31 p.m.

No items available.

© 2024. Todos los Derechos Reservados. Desarrollado por IDEICE